<?xml version="1.0" encoding="UTF-8"?>
<marc:record xmlns:marc="http://www.loc.gov/MARC21/slim">
   <marc:leader>00000nam a2200000 a 4500</marc:leader>
   <marc:datafield ind1="1" ind2=" " tag="100">
      <marc:subfield code="a">Munro, Alice</marc:subfield>
      <marc:subfield code="4">aut</marc:subfield>
      <marc:subfield code="e">Verfasser/-in</marc:subfield>
   </marc:datafield>
   <marc:datafield ind1="1" ind2=" " tag="100">
      <marc:subfield code="a">Petry, Hildegard</marc:subfield>
      <marc:subfield code="4">trl</marc:subfield>
      <marc:subfield code="e">Übersetzer/-in</marc:subfield>
   </marc:datafield>
   <marc:datafield ind1="1" ind2=" " tag="100">
      <marc:subfield code="a">Munro, Alice</marc:subfield>
   </marc:datafield>
   <marc:datafield ind1=" " ind2=" " tag="653">
      <marc:subfield code="a">Erzählende Literatur: Gegenwartsliteratur ab 1945</marc:subfield>
   </marc:datafield>
   <marc:datafield ind1="0" ind2="0" tag="245">
      <marc:subfield code="a">Das Bettlermädchen</marc:subfield>
   </marc:datafield>
   <marc:datafield ind1="0" ind2="0" tag="245">
      <marc:subfield code="b">Geschichten von Flo und Rose</marc:subfield>
   </marc:datafield>
   <marc:datafield ind1="0" ind2="0" tag="245">
      <marc:subfield code="c">Alice Munro. Aus dem Engl. von Hildegard Petry</marc:subfield>
   </marc:datafield>
   <marc:datafield ind1=" " ind2="1" tag="264">
      <marc:subfield code="a">Frankfurt, M.</marc:subfield>
      <marc:subfield code="b">Fischer Taschenbuch</marc:subfield>
      <marc:subfield code="c">2015</marc:subfield>
   </marc:datafield>
   <marc:datafield ind1="1" ind2=" " tag="490">
      <marc:subfield code="a">Fischer</marc:subfield>
      <marc:subfield code="v">03095</marc:subfield>
   </marc:datafield>
   <marc:datafield ind1="1" ind2=" " tag="520">
      <marc:subfield code="a">Angaben aus der Verlagsmeldung

Das Bettlermädchen : Geschichten von Flo und Rose Who do you think you are? / von Alice Munro

Es gibt keinen besseren Einstieg in die wunderbare Welt der Alice Munro als ›Das Bettlermädchen‹, so Jonathan Franzen. Eines der Hauptwerke der Literaturnobelpreisträgerin Alice Munro endlich wieder lieferbar – in neu durchgesehener Übersetzung

Munro entfaltet, einzigartig in ihrem Werk, in diesem Band die Geschichte zweier Frauen, Flo und Rose, über mehrere Jahrzehnte: Rose wächst bei ihrer Stiefmutter Flo in einer kanadischen Kleinstadt auf. Als sie den Muff des Alltags nicht mehr erträgt, zieht sie in die Welt, fängt an zu studieren, heiratet, hat Affären und macht Karriere beim Fernsehen. Flo bleibt in der Provinz zurück und vertreibt sich die Zeit mit Bingo-Spielen.

Mit ihrem unvergleichlichen Gespür für die Herzensbildung ihrer Figuren hat Alice Munro mit dem ›Bettlermädchen‹ ein frühes Meisterwerk geschaffen.
</marc:subfield>
   </marc:datafield>
   <marc:datafield ind1=" " ind2=" " tag="020">
      <marc:subfield code="a">9783596030958</marc:subfield>
      <marc:subfield code="9">9783596030958</marc:subfield>
   </marc:datafield>
   <marc:datafield ind1=" " ind2=" " tag="020">
      <marc:subfield code="a">3596030951</marc:subfield>
      <marc:subfield code="9">3596030951</marc:subfield>
   </marc:datafield>
   <marc:datafield ind1=" " ind2=" " tag="041">
      <marc:subfield code="a">ger</marc:subfield>
   </marc:datafield>
   <marc:datafield ind1=" " ind2=" " tag="300">
      <marc:subfield code="a">335 S.</marc:subfield>
   </marc:datafield>
</marc:record>
